000
00325nam a2200145Ia 4500
008
220928s9999 xx 000 0 und d
082
_b
DHI
100
_a
DHIL, DAYARAM
245
0
_a
KALPANA KI UDAAN
260
_b
TASVEER PRAKASHAN, SIRAMA
_c
2013
300
_a
35
650
_a
General
942
_c
BK
999
_c
208341
_d
208341
041
_a
HINDI